00836cam a2200253 i 45000010008000000030006000080050017000140080041000310100016000720200015000880200017001030200018001200350019001380400046001570500019002030820017002221000025002392450161002642600058004253000029004835040029005126500020005416500021005614907621OCoLC20190207171516.0790410s1978 caua b 000 0 eng  a 78070647 a0918956498 a978818827038 a9780918956491 a(OCoLC)4907621 aDLCbengcDLCdBAKERdBTCTAdOCLCOdOCLCF00aBV4501.2b.D6500a248.4bD737D1 aDouglass, Stephen B.10aManaging yourself :bpractical help for Christians in personal planning, time scheduling, and self-control /cStephen B. Douglass ; foreword by Bill Bright. aSan Bernardino, CA :bHere's Life Publishers,cc1978. a223 p. :bill. ;c21 cm. aIncludes bibliographies. 0aChristian life. 0aConduct of life.